The Indian Army: (Record no. 183852)

MARC details
000 -LEADER
fixed length control field 00630nam a22001817a 4500
005 - DATE AND TIME OF LATEST TRANSACTION
control field 20220106120135.0
010 ## - LCCN (DPL NO)
LC control number ENG-130972
020 ## - INTERNATIONAL STANDARD BOOK NUMBER
International Standard Book Number 978-93-891-52-432
Terms of availability 599.00
035 ## - SYSTEM CONTROL NUMBER
System control number EN-114504
037 ## - SOURCE OF ACQUISITION
Source of stock number/acquisition DBAD
082 ## - DEWEY DECIMAL CLASSIFICATION NUMBER
Classification number 355.00954
100 ## - MAIN ENTRY--PERSONAL NAME
Personal name Panag, H.S.
245 ## - TITLE STATEMENT
Title The Indian Army:
Statement of responsibility, etc H.S. Panag
Remainder of title Reminiscences, Reforms & Romance/
260 ## - PUBLICATION, DISTRIBUTION, ETC. (IMPRINT)
Place of publication, distribution, etc Chennai
Name of publisher, distributor, etc Westland Publications Private LImited
Date of publication, distribution, etc 2020
270 ## - ADDRESS
City Chennai
Postal code 600096
Address 1st Floor, A Block, East Wing, Plot No. 40, SP infocity, Dr. MGR Salai, Perungundi, Kandanchavadi
300 ## - PHYSICAL DESCRIPTION
Extent 272p.
Dimensions 24cm(hbk)
942 ## - ADDED ENTRY ELEMENTS (KOHA)
Source of classification or shelving scheme Dewey Decimal Classification
Item type English Books
Classification part 355.00954
Call number suffix PAN
Holdings
Withdrawn status Lost status Not for loan Collection code Home library Current library Date acquired Source of acquisition Cost, normal purchase price Full call number Barcode Copy number Cost, replacement price Koha item type
    Not For Loan Non-fiction D.B.Act.Division D.B.Act.Division 06/01/2022 DBAD/PUB 599.00 355.00954 PAN EN-114504 1 599.00 English Books

© Delhi Public Library
Hit Counter
free hit counter